000 00515nam a22001577a 4500
999 _c15051
_d15051
008 200208b ||||| |||| 00| 0 eng d
020 _a9717250073
082 _21996
_aDFil 380.1
_bM67
100 _aMiranda, Gregorio S.
_941718
245 _aMarketing:
_bMarketing: Concepts and Strategies
260 _aMakati City:
_bGrandwater Publications and Research Corporation,
_c ©1996
300 _aii, 373 pages;
_c23 cm.
500 _aIncludes selected bibliography
650 _aMarketing
_941719
942 _2ddc
_cDFIL